• 首页
  • 本馆介绍
  • 公告通知
  • 最新文献
  • 馆藏检索
  • 电子资源
  • 读者导购
  • 参考咨询
  • 我的图书馆
  • 登录
  • 详细信息显示
  • 放入我的书架
  • 预约/预借图书
  • 作者相关作品
  • 分类相关作品
  • 丛书相关作品
  • 出版社相关作品

书目信息

  • 表格格式
  • 工作单格式
  • 卡片格式
题名:
电视传播与影响力
    
 
作者: 黄鸣刚 著
分册:  
出版信息: 北京   中国广播电视出版社  2017
页数: 248页
开本: 24cm
丛书名:
单 册:
中图分类: G22
科图分类:
主题词: 电视--Dian Shi--传播媒介--研究
电子资源:
ISBN: 978-7-5043-7802-6
000 00982nam0 2200277 450
001 012001005019
005 20140101144600.0
010    @a978-7-5043-7802-6@dCNY48.00
099    @aCAL 012017068653
100    @a20170428d2017 em y0chiy50 ea
101 0  @achi
102    @aCN@b110000
105    @aak a 000yy
106    @ar
200 1  @a电视传播与影响力@ADian Shi Chuan Bo Yu Ying Xiang Li@f黄鸣刚著
210    @a北京@c中国广播电视出版社@d2017
215    @a248页@c图@d24cm
312    @a英文并列题名取自封面
320    @a有书目 (第245-247页)
330    @a本书主要内容为阐述电视媒体发展概况, 当今主流媒体发展方向, 如何引导电视媒体优化舆论导向, 围绕提高电视媒体的舆论引导能力, 营造和改善舆论环境, 提高舆论宣传的艺术和水平的重大意义展开论述。
510 1  @aPhotovision relaying and influence@zeng
606 0  @a电视@ADian Shi@x传播媒介@x研究
690    @aG22@v5
701  0 @a黄鸣刚@AHuang Ming Gang@4著
801    @b江苏凤凰@c20191020
905    @b1224724-6@dG22@e276@f3
    
    电视传播与影响力/黄鸣刚著.-北京:中国广播电视出版社,2017
    248页:图;24cm
    
    
    ISBN 978-7-5043-7802-6:CNY48.00
    本书主要内容为阐述电视媒体发展概况, 当今主流媒体发展方向, 如何引导电视媒体优化舆论导向, 围绕提高电视媒体的舆论引导能力, 营造和改善舆论环境, 提高舆论宣传的艺术和水平的重大意义展开论述。
●
相关链接 在E读中查询图书 在五车中查询图书 在当当中查询图书 在豆瓣中查询图书


正题名:电视传播与影响力     索取号:G22/276         预约/预借

序号 登录号 条形码 馆藏地/架位号 状态 备注
1 1224724   212247246   第一样本阅览室/ [索取号:G22/276] 在馆    
2 1224725   212247255   第四借阅区/ [索取号:G22/276] 在馆    
3 1224726   212247264   第四借阅区/ [索取号:G22/276] 在馆    
唐山师范学院图书馆 欢迎您!
大连网信软件有限公司© 版权所有